书目信息 |
| 题名: |
康德认识论文集
|
|
| 作者: | 康德 著 ;李秋零 译注 | |
| 分册: | 下 | |
| 出版信息: | 北京 中国人民大学出版社 2016 |
|
| 页数: | 2册(14,1034页) | |
| 开本: | 23cm | |
| 丛书名: | ||
| 单 册: | ||
| 中图分类: | B017-53 , B516.31 | |
| 科图分类: | ||
| 主题词: | 认识论--ren shi lun--德国--近代--文集 | |
| 电子资源: | ||
| ISBN: | 978-7-300-18532-3 | |
| 000 | 01137nam0 22002651 450 | |
| 001 | 0127144108 | |
| 005 | 20170428082803.50 | |
| 010 | @a978-7-300-18532-3@dCNY84.00(全2册168.00) | |
| 100 | @a20161101d2016 em y0chiy50 ea | |
| 101 | 1 | @achi@cger |
| 102 | @aCN@b110000 | |
| 105 | @ac z 000yy | |
| 106 | @ar | |
| 200 | 1 | @a康德认识论文集@Akang de ren shi lun wen ji@f(德)康德(Immanuel Kant)著@h下@g李秋零译注 |
| 210 | @a北京@c中国人民大学出版社@d2016 | |
| 215 | @a2册(14,1034页)@c肖像@d23cm | |
| 300 | @a康德文集注释版 中国人民大学“985工程”支持 | |
| 330 | @a本书收入康德认识论全部相关著述,含《纯粹理性批判》、《未来形而上学导论》、《逻辑学》等著作和《形而上学认识各首要原则的新说明》、《四个三段论格的错误繁琐》等文章、论著摘编,书中所收入的著作、文章均由译者增译了《科学院版编者导言》和科学院版编者注,并在必要的地方加了少量的译者注。 | |
| 606 | 0 | @a认识论@Aren shi lun@y德国@z近代@j文集 |
| 690 | @aB017-53@v5 | |
| 690 | @aB516.31@v5 | |
| 701 | 0 | @c(德)@a康德@Akang de@c(Kant, Immanuel@f1724~1804)@4著 |
| 702 | 0 | @a李秋零@Ali qiu ling@4译注 |
| 801 | 0 | @aCN@bTANGWEI@c20170308 |
| 905 | @b0966726-8@dB017-53@e270:2@f3 | |
| 康德认识论文集/(德)康德(Immanuel Kant)著.下/李秋零译注.-北京:中国人民大学出版社,2016 |
| 2册(14,1034页):肖像;23cm |
| 康德文集注释版 中国人民大学“985工程”支持 |
| ISBN 978-7-300-18532-3:CNY84.00(全2册168.00) |
| 本书收入康德认识论全部相关著述,含《纯粹理性批判》、《未来形而上学导论》、《逻辑学》等著作和《形而上学认识各首要原则的新说明》、《四个三段论格的错误繁琐》等文章、论著摘编,书中所收入的著作、文章均由译者增译了《科学院版编者导言》和科学院版编者注,并在必要的地方加了少量的译者注。 |
| ● |
| 相关链接 |
|
|
|
|
正题名:康德认识论文集
索取号:B017-53/270:2
 
预约/预借
| 序号 | 登录号 | 条形码 | 馆藏地/架位号 | 状态 | 备注 |
| 1 | 0966726 | 209667261 | 第一样本阅览室/ [索取号:B017-53/270:2] | 在馆 | |
| 2 | 0966727 | 209667270 | 第一借阅区/ [索取号:B017-53/270:2] | 在馆 | |
| 3 | 0966728 | 209667289 | 第一借阅区/ [索取号:B017-53/270:2] | 在馆 |